|
|
|
|
| LEADER |
00000nab a2200000 a 4500 |
| 001 |
vtls000277555 |
| 003 |
SK-MaSNL |
| 005 |
20260302214228.0 |
| 008 |
140515c1986 xo 0 slo |
| 015 |
|
|
|a SNBRA19rr/mm-uuuuu
|
| 035 |
|
|
|a CL0287673
|
| 040 |
|
|
|a SNKBUCL
|b slo
|c SNKBUCL
|e AACR2
|
| 041 |
0 |
|
|a slo
|
| 044 |
|
|
|a xo
|c SK
|
| 080 |
|
|
|a 1 100.513.2
|2 1981
|
| 100 |
1 |
|
|a Kováčová, Daniela,
|c iná
|4 aut
|9 627421
|
| 245 |
1 |
0 |
|a K procesu realizácie socialistickej kultúrnej revolúcie na slovenskej dedine v rokoch druhej päťročnice
|c Daniela Kováčová
|
| 300 |
|
|
|b Lit. 96 zázn. v slov., češ.
|
| 650 |
0 |
7 |
|a revolúcia kultúrna
|2 snkbucl
|9 398376
|
| 655 |
|
7 |
|a články zo zborníkov
|2 snkbucl
|9 166140
|
| 773 |
0 |
|
|t Naše poľnohospodárstvo v období dobudovania základov socializmu
|d Bratislava : Pravda, 1986
|
| 850 |
|
|
|a Slovenská národná knižnica v Martine
|a MTA001
|
| 852 |
|
|
|a SNK
|b KIS3GCP
|
| 958 |
|
|
|a RK
|
| 992 |
|
|
|a RZB
|
| 999 |
|
|
|c 1496972
|d 1498902
|